000 004470000a22001810004500
003 MACL
005 20151016142521.0
008 151016b xxu||||| |||| 00| 0 eng d
040 _aMACL
_cMACL
041 _aEnglish
082 _a920/BAN
100 _aBanerjee Hironmoy
_915330
245 _aThe Tagores Of Jorasanko
260 _bGyan Publishing House`
_c1995
_aNew Delhi
350 _a375
650 _aBiography
_915331
942 _cBK
_k920
_2ddc
999 _c2567
_d2567